| 000 | 00350nam a22001337a 4500 | ||
|---|---|---|---|
| 020 | _qHB. | ||
| 040 | _cFIZZA ISHAQ | ||
| 082 |
_a006.3 _bSAJ |
||
| 100 |
_aDAS, KUMAR SAJAL. _990416 |
||
| 245 |
_aMOBILE PAYMENTS IN NETWORKING AND COMPUTER / _cSAJAL KUMAR DAS. |
||
| 260 |
_bJOHN WILEY, _c2012. |
||
| 300 | _a352 P. ; | ||
| 942 |
_2ddc _cBK |
||
| 999 |
_c588644 _d588644 |
||